000 00449nam a2200169Ia 4500
001 20179
008 140408s9999 xx 000 0 und d
020 _a0-13-320300-x
040 _cPK-LaUMT
082 _a 621.3815
_bMAL-E
100 _aNorbert R. Malik
245 _aElelectronic circuits:
_bAnalysis, simulation, and design
_cNorbert R. Malik
260 _aLondon,UK:
_bPrentice Hall,
_c1995
300 _a1182 p.
546 _aEN
942 _cBK
999 _c20531
_d20531